| 000 | 00912nam2a2200205 4500 | ||
|---|---|---|---|
| 001 | RU\NLR\PER_A\004073937_000750 | ||
| 005 | 20250624144553.0 | ||
| 035 | _a(NLR Aleph) 012759104 | ||
| 090 |
_a13056513 _c13056513 |
||
| 100 | _a20220412d2021 |||y0rusy50 ca | ||
| 101 | 0 |
_aeng _arus |
|
| 102 | _aRU | ||
| 200 | 0 | _aVol. 27, № 4 | |
| 210 |
_d2021 _aБ. м. |
||
| 461 | 0 |
_1001RU\NLR\Perin\1032065 _12001#$aFolia otorhinolaryngologiae et pathologiae respiratoriae$eofficial journal of the International academy of otorhinolaryngology - head and neck surgery$vVol. 27, № 4 _93181683 _cSaint Petersburg _d1996- _nClinical research respiratory centre _oofficial journal of the International academy of otorhinolaryngology - head and neck surgery _tFolia otorhinolaryngologiae et pathologiae respiratoriae _x2310-3825 _vVol. 27, № 4 |
|
| 852 |
_aNLR _jP16/2615 |
||
| 942 | _cISSUE | ||
| 980 | _aNB | ||
| 980 | _aINPER | ||